Design of machine elements / (Record no. 2903)

000 -LEADER
fixed length control field 00458nam a2200181Ia 4500
008 - FIXED-LENGTH DATA ELEMENTS--GENERAL INFORMATION
fixed length control field 190719s9999||||xx |||||||||||||| ||und||
020 ## - INTERNATIONAL STANDARD BOOK NUMBER
International Standard Book Number 9789339221126
Terms of availability 685
082 ## - DEWEY DECIMAL CLASSIFICATION NUMBER
Classification number 621.815 BHA
100 ## - MAIN ENTRY--PERSONAL NAME
Personal name Bhandari V.B.
245 #0 - TITLE STATEMENT
Title Design of machine elements /
250 ## - EDITION STATEMENT
Edition statement 4th ed.
260 ## - PUBLICATION, DISTRIBUTION, ETC. (IMPRINT)
Place of publication, distribution, etc Chennai:
Name of publisher, distributor, etc McGraw Hill Education,
Date of publication, distribution, etc 2017.
300 ## - PHYSICAL DESCRIPTION
Extent xxiii, 916p.
Other physical details pbk
650 #0 - SUBJECT ADDED ENTRY--TOPICAL TERM
Topical term or geographic name as entry element Machine Drawing
942 ## - ADDED ENTRY ELEMENTS (KOHA)
Item type Books
Holdings
Withdrawn status Lost status Source of classification or shelving scheme Damaged status Not for loan Permanent location Current location Date acquired Source of acquisition Total Checkouts Full call number Barcode Date last seen Date last borrowed Cost, replacement price Koha item type
          IMU Kolkata IMU Kolkata 2010-05-13 Ross and Marketing Consultants 3 621.815 B5752 11077 2025-04-25 2025-04-15 350.00 Books
Designed and Maintained by IMU-KC Library, Kolkata Campus © Copyright All Rights Reserved

webs counters

Powered by Koha